Làm phim truyện lịch sử - Cổ trang dễ hay khó /
保存先:
| 第一著者: | |
|---|---|
| フォーマット: | 論文 |
| 言語: | Vietnamese |
| 主題: | |
| タグ: |
タグ追加
タグなし, このレコードへの初めてのタグを付けませんか!
|
| Thư viện lưu trữ: | Thư viện Trường Đại học Đà Lạt |
|---|
| LEADER | 00751nam a2200253 4500 | ||
|---|---|---|---|
| 001 | DLU160177401 | ||
| 005 | ##20161102 | ||
| 040 | # | # | |a DLU |b vie |
| 041 | # | # | |a vie |
| 044 | # | # | |a vn |
| 100 | # | # | |a Đỗ Lệnh Hùng Tú. |
| 245 | # | # | |a Làm phim truyện lịch sử - Cổ trang dễ hay khó / |c Đỗ Lệnh Hùng Tú. |
| 653 | # | # | |a Phim Lịch sử |
| 653 | # | # | |a Phim truyện |
| 773 | # | # | |t Tạp chí Văn hóa nghệ thuật |g Số 326, tháng 8-2011, tr.32-36 |
| 920 | # | # | |a Phòng Tạp chí -- Trung tâm Thông tin - Thư viện Trường Đại học Đà Lạt |
| 994 | # | # | |a DLU |
| 900 | # | # | |a True |
| 911 | # | # | |a Trần Thị Minh Hương |
| 925 | # | # | |a G |
| 926 | # | # | |a A |
| 927 | # | # | |a BB |
| 980 | # | # | |a Thư viện Trường Đại học Đà Lạt |